|
|
|
|
| LEADER |
01422nam a22002897a 4500 |
| 001 |
33596 |
| 003 |
BD-DhAAL |
| 005 |
20180830131549.0 |
| 008 |
180830t2017 bg a|||| b|||f00| 0 eng d |
| 999 |
|
|
|c 39654
|d 39654
|
| 020 |
|
|
|a 9789843429674
|
| 040 |
|
|
|a BD-DhAAL
|
| 082 |
|
|
|2 22
|a 339.4754929049
|
| 245 |
|
|
|a Preliminary report on house hold income & expenditure 2016 /
|c Bangladesh Bureau of Statistics, Statistics and Information Division, Ministry of Planning, Govt. of the People's Republic of Bangladesh
|
| 260 |
|
|
|a Dhaka :
|b Bangladesh Bureau of Statistics (BBS), Statistics and Information Division (SID), Ministry of Planning, Govt. of the People's Republic of Bangladesh,
|c 2017
|
| 300 |
|
|
|a xviii, 132 pages ;
|b color illustrations :
|c 28 cm.
|
| 500 |
|
|
|a Chiefly statistical tables.
|
| 504 |
|
|
|a Includes bibliographical references
|
| 526 |
|
|
|a AAL
|
| 541 |
|
|
|a Development Book Agency
|e 33596
|
| 650 |
|
|
|a Income
|z Bangladesh
|v Statistics.
|9 28032
|
| 650 |
|
|
|a Consumers
|z Bangladesh
|v Statistics.
|9 28033
|
| 650 |
|
|
|a Consumption (Economics)
|z Bangladesh
|v Statistics.
|9 28035
|
| 710 |
|
|
|a Bangladesh Parisadotbmkhymacrana Byuro.
|9 28034
|
| 852 |
|
|
|a Ayesha Abed Library
|c General Stacks
|
| 942 |
|
|
|2 ddc
|c BK
|
| 952 |
|
|
|0 0
|1 0
|2 ddc
|4 0
|6 339_475492904900000_PRE
|7 0
|9 64019
|a BRACUL
|b BRACUL
|c GEN
|d 2018-07-23
|e Development Book Agency
|g 500.00
|l 0
|o 339.4754929049 PRE
|p 3010033596
|r 2018-07-23
|t 1
|v 500.00
|w 2018-07-23
|y BK
|